| 000 | 00626nam a22002297a 4500 | ||
|---|---|---|---|
| 003 | OSt | ||
| 005 | 20210419075807.0 | ||
| 008 | 210218s1984 ||||| |||| 00| 0 eng d | ||
| 020 | _a0425071316 | ||
| 040 |
_aeng _beng _cDLC |
||
| 041 | _aeng | ||
| 080 |
_a821.111 _bS-68 |
||
| 100 |
_9497 _aSmith, E. E. Doc |
||
| 245 |
_aThe Omicron Invasion _c/ by: Berkley Books |
||
| 260 |
_aNew York _bBerkley Books _c1984 |
||
| 300 | _a184 p. | ||
| 365 | _b1.75 usd | ||
| 650 | 0 |
_9254 _aEnglish literature |
|
| 653 | _aინგლისური ლიტერატურა | ||
| 700 |
_91228 _aGoldin, Stephen |
||
| 942 |
_2udc _cBK |
||
| 999 |
_c1886 _d1886 |
||